=LDR 00000nam 2200000 4500 =001 INLIS000000000011157 =005 20130612102741 =008 ***********************************Ind** =035 ##$$0010-061300000011157 =041 ##$$a Ind =082 ##$$a 342 =090 ##$$a 342, Pau g =100 ##$$a Paulus, B.P =245 ##$$a Garis besar Hukum Tata Negara Hindia Belanda, B.P.Paulus SH =260 ##$$a 1979 $b Bandung =300 ##$$a 174 hlm, 21 cm =850 ##$$a NBPNMAT